| 000 | 00840nam a22002297a 4500 | ||
|---|---|---|---|
| 999 |
_c6795 _d6795 |
||
| 003 | AR-CdUCM | ||
| 008 | 190319b ||||| |||| 00| 0 spa d | ||
| 040 |
_aMUNICIPALIDAD PROVINCIAL DEL CUSCO _cBIBLIOTECA MUNICIPAL DEL CUSCO |
||
| 041 | _heng. | ||
| 082 |
_a593.1 / _bK95 |
||
| 100 |
_aKudo, Richard R. _919135 |
||
| 245 | _aProtozoología / | ||
| 260 |
_aMéxico : _bCECSA, _c1972. |
||
| 300 |
_a905 paginas ; _bIlustraciones, _c22 cm. |
||
| 505 | _aContenido :Relaciones de la protozoología con otros campos de la ciencia biológica,Historia de la protozoología --Ecología; protozoos libres ,protozoos parásito --Morfología ... | ||
| 650 |
_aProtozoología _919136 |
||
| 650 |
_aProtozoos _919137 |
||
| 650 |
_aTaxanomia _919138 |
||
| 700 |
_aAristeo Acosta Carreon (traductor) _919139 |
||
| 942 |
_2ddc _cLIBROS |
||
| 945 | _arjall | ||